|
|
|
|
| LEADER |
00000nab a2200000 a 4500 |
| 001 |
vtls000846736 |
| 003 |
SK-MaSNL |
| 005 |
20260304010824.0 |
| 008 |
140303s2003 xo 0 slo |
| 015 |
|
|
|a SNBRB2003/09-26216
|
| 035 |
|
|
|a CLN000198391
|
| 040 |
|
|
|a SNKBUCL
|b slo
|c SNKBUCL
|e AACR2
|
| 041 |
0 |
|
|a slo
|
| 044 |
|
|
|a xo
|c SK
|
| 080 |
|
|
|a 615.9:546.49:159.938.363.7
|2 1997
|
| 100 |
0 |
|
|a (eco)
|4 aut
|9 843544
|
| 245 |
1 |
0 |
|a Chronická únava alebo amalgámová choroba?
|c [autor] (eco)
|
| 300 |
|
|
|b Obr.
|
| 650 |
0 |
7 |
|a chronická únava
|2 SNK
|9 1288973
|
| 650 |
0 |
7 |
|a amalgámy
|2 SNKPH
|9 177370
|
| 650 |
0 |
7 |
|a ortuť
|2 SNKPH
|9 17663
|
| 655 |
|
7 |
|a články z novín a časopisov
|2 SNK
|9 267496
|
| 773 |
0 |
|
|t Zdravotnícke noviny
|g Roč. 8, č. 29 (2003)
|x 1335-4477
|
| 773 |
0 |
|
|t [Príl.] Lekárske listy
|g Č. 29 (2003), s. 7
|x 1335-4477
|
| 850 |
|
|
|a Slovenská národná knižnica v Martine
|
| 852 |
|
|
|a SNK
|b KIS3GCP
|
| 958 |
|
|
|a MI
|
| 992 |
|
|
|a RBX
|
| 999 |
|
|
|c 2563113
|d 2565043
|